[Event "Mediterranean op 7th"]
[Site "Rijeka"]
[Date "2014.11.12"]
[Round "6"]
[White "Fucak, Emilijo"]
[Black "Horvat, Sasa"]
[Result "0-1"]
[WhiteElo "2251"]
[BlackElo "2166"]
[PlyCount "76"]
[EventDate "2014.11.08"]
[EventType "swiss"]
[EventRounds "9"]
[EventCountry "CRO"]
[SourceTitle "CBM 163 Extra"]
[Source "ChessBase"]
[SourceDate "2014.12.23"]
[SourceVersion "1"]
[SourceVersionDate "2014.12.23"]
[SourceQuality "1"]

1. Nf3 Nf6 2. c4 g6 3. Nc3 Bg7 4. e4 d6 5. d4 0-0 6. Be2 e5 7. 0-0 exd4 8. Nxd4 Re8 9. f3 Nc6 10. Be3 Nh5 11. Qd2 f5 12. Nxc6 bxc6 13. exf5 gxf5 14. f4 Nf6 15. Bf3 Bd7 16. Rae1 Kh8 17. g3 Qb8 18. c5 d5 19. Bd4 Qb4 20. Nb1 Qxd2 21. Nxd2 Ne4 22. Bxg7+ Kxg7 23. Nxe4 fxe4 24. Bh5 Reb8 25. Re2 Rb5 26. Rc1 Rab8 27. b3 Rb4 28. g4 Rd4 29. Kf2 Rbb4 30. f5 Kf6 31. Rc3 Rd1 32. a3 Rbd4 33. Rg3 Ke5 34. g5 Bxf5 35. g6 hxg6 36. Bxg6 Rh1 37. Kg2 Rdd1 38. Bxf5 Rhg1+ 0-1

[Event "Mediterranean op 7th"]
[Site "Rijeka"]
[Date "2014.11.09"]
[Round "2"]
[White "Hrescak, Ivana"]
[Black "Horvat, Sasa"]
[Result "1-0"]
[WhiteElo "2020"]
[BlackElo "2166"]
[PlyCount "121"]
[EventDate "2014.11.08"]
[EventType "swiss"]
[EventRounds "9"]
[EventCountry "CRO"]
[SourceTitle "CBM 163 Extra"]
[Source "ChessBase"]
[SourceDate "2014.12.23"]
[SourceVersion "1"]
[SourceVersionDate "2014.12.23"]
[SourceQuality "1"]

1. d4 Nf6 2. c4 g6 3. Nc3 Bg7 4. e4 d6 5. f3 0-0 6. Be3 Nbd7 7. Nge2 c6 8. Qd2 Re8 9. 0-0-0 a6 10. g4 e5 11. d5 cxd5 12. cxd5 b5 13. Ng3 Nc5 14. h4 b4 15. Nce2 a5 16. Kb1 Ba6 17. Nc1 Qc7 18. h5 Rec8 19. Bxa6 Rxa6 20. Rh2 Nfd7 21. Rdh1 Nf8 22. Bh6 Ra7 23. Bxg7 Kxg7 24. Nf5+ gxf5 25. Qg5+ Kh8 26. Qf6+ Kg8 27. h6 Nce6 28. dxe6 Nxe6 29. gxf5 Qd8 30. Rg1+ Kf8 31. Qh8+ Ke7 32. Qxh7 Nd4 33. Qg7 Qh8 34. Qg5+ Qf6 35. Qh5 a4 36. h7 Qh8 37. Rhg2 Raa8 38. Rg7 Rf8 39. Qg5+ Kd7 40. Qg4 Kc6 41. Nd3 Kb5 42. Qh5 Kc4 43. Nc1 f6 44. R1g3 Kb5 45. Qg6 b3 46. Rg8 Rfc8 47. a3 Rxc1+ 48. Kxc1 Rc8+ 49. Kd1 Rc2 50. Rxh8 Rxb2 51. Rb8+ Kc4 52. Qf7+ Kd3 53. f4+ Kxe4 54. Rc3 Rh2 55. Qb7+ d5 56. Ke1 Nc2+ 57. Kf1 Kd4 58. Rg3 exf4 59. Qb6+ Ke4 60. Re8+ Kxf5 61. Qe6# 1-0

[Event "Mediterranean op 7th"]
[Site "Rijeka"]
[Date "2014.11.08"]
[Round "1"]
[White "Horvat, Sasa"]
[Black "Hamzic, Abid"]
[Result "1-0"]
[WhiteElo "2166"]
[BlackElo "1779"]
[PlyCount "79"]
[EventDate "2014.11.08"]
[EventType "swiss"]
[EventRounds "9"]
[EventCountry "CRO"]
[SourceTitle "CBM 163 Extra"]
[Source "ChessBase"]
[SourceDate "2014.12.23"]
[SourceVersion "1"]
[SourceVersionDate "2014.12.23"]
[SourceQuality "1"]

1. e4 f5 2. exf5 Nf6 3. d4 d5 4. Bb5+ c6 5. Bd3 Nbd7 6. Ne2 e5 7. fxe6 Nb6 8. 0-0 Bd6 9. f4 Bxe6 10. f5 Bf7 11. Nf4 0-0 12. Nc3 Qc7 13. Qf3 Rae8 14. b3 a6 15. Bd2 c5 16. dxc5 Bxc5+ 17. Kh1 Bd4 18. Nce2 Bxa1 19. Rxa1 Ne4 20. Bb4 Qe5 21. Rd1 Bh5 22. Nxh5 Rxf5 23. Bxe4 Rxf3 24. Bxf3 g6 25. Bc3 Qf5 26. Nf6+ Kf7 27. Nxe8 Kxe8 28. Nd4 Qf7 29. Ba5 Nd7 30. Re1+ Kf8 31. Bb4+ Kg7 32. Re7 Nf6 33. Ne6+ Kg8 34. Rxf7 Kxf7 35. Ng5+ Kg7 36. Bc3 h6 37. Ne6+ Kf7 38. Bxf6 Kxf6 39. Bxd5 Ke5 40. c4 1-0

[Event "CRO-chT1B"]
[Site "Sibenik"]
[Date "2007.10.01"]
[Round "7"]
[White "Ramesa, Davor"]
[Black "Horvat, Sasa"]
[Result "1-0"]
[WhiteElo "2310"]
[BlackElo "2222"]
[PlyCount "80"]
[EventDate "2007.09.25"]
[EventType "team"]
[EventRounds "9"]
[EventCountry "CRO"]
[SourceTitle "CBM 120 Extra"]
[Source "ChessBase"]
[SourceDate "2007.11.01"]
[SourceVersion "1"]
[SourceVersionDate "2007.11.01"]
[SourceQuality "1"]

1. Nf3 Nf6 2. d4 g6 3. c4 Bg7 4. Nc3 0-0 5. e4 d6 6. Be2 e5 7. 0-0 exd4 8. Nxd4 Re8 9. f3 Nh5 10. Be3 f5 11. Qd2 f4 12. Bf2 Be5 13. Rfd1 Qf6 14. c5 dxc5 15. Nb3 Nd7 16. Bc4+ Kh8 17. Nxc5 Nxc5 18. Bxc5 Be6 19. Bxe6 Qxe6 20. Qd5 Qxd5 21. Rxd5 Rad8 22. Rad1 Rxd5 23. Rxd5 Nf6 24. Rxe5 Rxe5 25. Bd4 Re6 26. Nd5 Kg7 27. Nxc7 Rc6 28. Ne8+ Kf7 29. Nxf6 Rc1+ 30. Kf2 Rc2+ 31. Kf1 Rc1+ 32. Ke2 h5 33. Kd3 Rh1 34. h3 Rh2 35. Nd5 Rxg2 36. Nxf4 Rg3 37. Ke2 g5 38. Bf2 gxf4 39. Bxg3 fxg3 40. h4 Ke6 1-0

[Event "Split Epetium op"]
[Site "Split"]
[Date "2005.08.19"]
[Round "5"]
[White "Matas, Zdravko"]
[Black "Horvat, Sasa"]
[Result "0-1"]
[WhiteElo "2042"]
[BlackElo "2185"]
[PlyCount "110"]
[EventDate "2005.08.12"]
[EventType "swiss"]
[EventRounds "7"]
[EventCountry "CRO"]
[SourceTitle "EXT 2006"]
[Source "ChessBase"]
[SourceDate "2005.11.24"]
[SourceVersion "1"]
[SourceVersionDate "2005.11.24"]
[SourceQuality "1"]

1. d4 g6 2. c3 Nf6 3. f3 d5 4. Bg5 Bg7 5. Nd2 Nc6 6. e4 0-0 7. e5 Ne8 8. f4 f6 9. Bh4 Bh6 10. Bg3 Ng7 11. Bd3 Nf5 12. Bxf5 Bxf5 13. Ne2 fxe5 14. dxe5 d4 15. Nf3 dxc3 16. Qb3+ Kh8 17. Rd1 cxb2 18. Qxb2 Qc8 19. 0-0 b6 20. Rc1 Na5 21. Bh4 Re8 22. Ng5 Bg7 23. Nd4 c5 24. Be1 Nc6 25. Nf7+ Kg8 26. Qb3 e6 27. Nxf5 gxf5 28. Nd6 Nd4 29. Qe3 Qa6 30. Nxe8 Ne2+ 31. Kf2 Nxc1 32. Nxg7 Nd3+ 33. Kg1 Kxg7 34. Bh4 Rg8 35. Bf6+ Kf8 36. Rd1 Qb7 37. Qh3 c4 38. Qh6+ Ke8 39. g3 b5 40. Bg5 Qf7 41. Qh3 a5 42. Rd2 Qa7+ 43. Kg2 Qb7+ 44. Kg1 Qb6+ 45. Kf1 Qb7 46. Qh5+ Rg6 47. Kg1 b4 48. h3 a4 49. Qe2 b3 50. axb3 axb3 51. Rd1 b2 52. Qc2 Qb3 53. Qb1 Rg7 54. g4 Ra7 55. gxf5 Qxd1+ 0-1

[Event "Split Epetium op"]
[Site "Split"]
[Date "2005.08.14"]
[Round "2"]
[White "Horvat, Sasa"]
[Black "Miskovic, Bozo"]
[Result "1-0"]
[WhiteElo "2185"]
[BlackElo "2023"]
[PlyCount "63"]
[EventDate "2005.08.12"]
[EventType "swiss"]
[EventRounds "7"]
[EventCountry "CRO"]
[SourceTitle "EXT 2006"]
[Source "ChessBase"]
[SourceDate "2005.11.24"]
[SourceVersion "1"]
[SourceVersionDate "2005.11.24"]
[SourceQuality "1"]

1. e4 c6 2. d4 d5 3. Nd2 dxe4 4. Nxe4 Bf5 5. Ng3 Bg6 6. Nf3 Nf6 7. h4 h6 8. Ne5 Bh7 9. Bc4 e6 10. Qe2 Nd5 11. Qf3 Nf6 12. Qb3 Qc8 13. 0-0 b5 14. Be2 Be7 15. Nh5 0-0 16. Nxg7 Nbd7 17. Nh5 Nxe5 18. dxe5 Nxh5 19. Bxh5 Bg6 20. Bxh6 Rd8 21. Bxg6 fxg6 22. Qg3 Kh7 23. Be3 Rd5 24. Rad1 Qf8 25. Rxd5 cxd5 26. Rd1 a6 27. Rd4 Qg7 28. Rg4 Qf7 29. Rf4 Qg8 30. h5 Rf8 31. hxg6+ Qxg6 32. Qh3+ 1-0

[Event "CRO Cup 14th"]
[Site "Sibenik"]
[Date "2005.05.31"]
[Round "3"]
[White "Horvat, Sasa"]
[Black "Lacmanovic, Stipe"]
[Result "1-0"]
[WhiteElo "2153"]
[BlackElo "2123"]
[PlyCount "95"]
[EventDate "2005.05.30"]
[EventType "team"]
[EventRounds "7"]
[EventCountry "CRO"]
[SourceTitle "CBM 106 Extra"]
[Source "ChessBase"]
[SourceDate "2005.07.01"]
[SourceVersion "1"]
[SourceVersionDate "2005.07.01"]
[SourceQuality "1"]

1. e4 d6 2. d4 Nf6 3. Nc3 g6 4. Bg5 Bg7 5. Qd2 h6 6. Bh4 c6 7. f4 0-0 8. Nf3 Bg4 9. Be2 b5 10. a3 Re8 11. 0-0 a6 12. e5 Nd5 13. Ne4 Qc7 14. h3 Bxf3 15. Rxf3 f5 16. exf6 exf6 17. Nf2 Nd7 18. f5 g5 19. Bg3 N7b6 20. b3 Qd7 21. Bd3 Rad8 22. c4 Nc7 23. Ne4 Nc8 24. a4 Re7 25. axb5 Rde8 26. b6 Nxb6 27. Nxd6 Rd8 28. Re1 Bf8 29. Ne4 Qxd4+ 30. Bf2 Rxe4 31. Bxd4 Rexd4 32. Qa5 Rb8 33. Re4 Rd6 34. c5 Rd5 35. b4 Kg7 36. Kh1 Nba8 37. Bc4 Rd1+ 38. Kh2 Rbd8 39. Bxa6 h5 40. Rf1 R1d5 41. Bc4 Bd6+ 42. Kh1 Re5 43. Rd4 Be7 44. Rxd8 Bxd8 45. Rd1 Re8 46. Rd7+ Kh6 47. Qa1 Rf8 48. Rxd8 1-0

[Event "CRO Cup 14th"]
[Site "Sibenik"]
[Date "2005.05.31"]
[Round "2"]
[White "Ramesa, Davor"]
[Black "Horvat, Sasa"]
[Result "1-0"]
[WhiteElo "2163"]
[BlackElo "2153"]
[PlyCount "86"]
[EventDate "2005.05.30"]
[EventType "team"]
[EventRounds "7"]
[EventCountry "CRO"]
[SourceTitle "CBM 106 Extra"]
[Source "ChessBase"]
[SourceDate "2005.07.01"]
[SourceVersion "1"]
[SourceVersionDate "2005.07.01"]
[SourceQuality "1"]

1. c4 Nf6 2. Nc3 g6 3. e4 d6 4. d4 Bg7 5. Nf3 0-0 6. Be2 e5 7. Be3 h6 8. 0-0 Ng4 9. Bc1 Nc6 10. d5 Ne7 11. Ne1 f5 12. Bxg4 fxg4 13. Be3 g5 14. c5 Ng6 15. Rc1 Qe8 16. a4 a6 17. a5 Nf4 18. c6 bxc6 19. dxc6 Be6 20. Nd5 Qf7 21. Bxf4 exf4 22. b4 Rab8 23. Nc2 Rb5 24. Na3 Rxd5 25. exd5 Bxd5 26. Qxg4 f3 27. g3 Be6 28. Qe4 d5 29. Qe3 Bh3 30. Rfe1 d4 31. Qd3 Qh5 32. Re7 Bf5 33. Rxg7+ Kxg7 34. Qxd4+ Kh7 35. Nc2 Re8 36. h4 gxh4 37. Qxh4 Qxh4 38. gxh4 Rg8+ 39. Kf1 Bh3+ 40. Ke1 Rg1+ 41. Kd2 Rg2 42. Ke3 Bg4 43. b5 Bc8 1-0

[Event "CRO-chT2 South"]
[Site "Croatia"]
[Date "2005.05.21"]
[Round "5.5"]
[White "Horvat, Sasa"]
[Black "Gracin, Damir"]
[Result "1/2-1/2"]
[WhiteElo "2156"]
[BlackElo "2212"]
[PlyCount "48"]
[EventDate "2005.04.09"]
[EventType "team"]
[EventRounds "9"]
[EventCountry "CRO"]
[SourceTitle "EXT 2007"]
[Source "ChessBase"]
[SourceDate "2006.11.23"]
[SourceVersion "1"]
[SourceVersionDate "2006.11.23"]
[SourceQuality "1"]
[WhiteTeam "VIS"]
[BlackTeam "Sibenik"]
[WhiteTeamCountry "CRO"]
[BlackTeamCountry "CRO"]

1. e4 c5 2. Nf3 Nc6 3. d4 cxd4 4. Nxd4 e5 5. Nb5 a6 6. Nd6+ Bxd6 7. Qxd6 Qe7 8. Qd1 Nf6 9. Nc3 h6 10. Be2 b5 11. 0-0 Bb7 12. Be3 Na5 13. a4 b4 14. Nd5 Bxd5 15. exd5 Qd6 16. f4 e4 17. Bd4 0-0 18. Be5 Qc5+ 19. Bd4 Qd6 20. Be5 Qc5+ 21. Bd4 Qe7 22. c4 bxc3 23. Bxc3 Qc5+ 24. Bd4 Qd6 1/2-1/2

[Event "Cvitanovic Memorial-B 10th"]
[Site "Split"]
[Date "2005.05.02"]
[Round "4"]
[White "Horvat, Sasa"]
[Black "Ivic, Mateo"]
[Result "0-1"]
[WhiteElo "2153"]
[BlackElo "2205"]
[PlyCount "46"]
[EventDate "2005.04.27"]
[EventType "swiss"]
[EventRounds "9"]
[EventCountry "CRO"]
[SourceTitle "EXT 2006"]
[Source "ChessBase"]
[SourceDate "2005.11.24"]
[SourceVersion "1"]
[SourceVersionDate "2005.11.24"]
[SourceQuality "1"]

1. e4 e5 2. Nf3 Nc6 3. Bb5 a6 4. Ba4 f5 5. d4 fxe4 6. Nxe5 Nf6 7. Bg5 Qe7 8. Bxc6 dxc6 9. Nd2 Bf5 10. Qe2 0-0-0 11. Nb3 Qe6 12. 0-0-0 Bd6 13. f4 exf3 14. gxf3 h6 15. Bh4 Rhe8 16. Rhe1 c5 17. Qf2 cxd4 18. Qxd4 Bxe5 19. Qa7 Bf4+ 20. Kb1 Rxd1+ 21. Rxd1 Bxc2+ 22. Ka1 Nd7 23. Nc5 Qb6 0-1

[Event "CRO Cup"]
[Site "Rabac"]
[Date "2004.06.26"]
[Round "8"]
[White "Mestrovic, Zvonimir"]
[Black "Horvat, Sasa"]
[Result "1/2-1/2"]
[WhiteElo "2383"]
[BlackElo "2107"]
[PlyCount "119"]
[EventDate "2004.05.20"]
[EventType "swiss"]
[EventRounds "9"]
[EventCountry "CRO"]
[SourceTitle "CBM 100 Extra"]
[Source "ChessBase"]
[SourceDate "2004.07.06"]
[SourceVersion "2"]
[SourceVersionDate "2004.07.06"]
[SourceQuality "1"]

1. d4 Nf6 2. Nc3 d5 3. Bg5 e6 4. e4 dxe4 5. Nxe4 Be7 6. Bxf6 Bxf6 7. Nf3 0-0 8. c3 Nd7 9. Bd3 e5 10. Qc2 exd4 11. cxd4 b6 12. 0-0-0 Bb7 13. h4 c5 14. dxc5 Rc8 15. Kb1 g6 16. Bb5 Bxe4 17. Qxe4 Nxc5 18. Qf4 Ne6 19. Qe4 Qe7 20. h5 Rfd8 21. hxg6 hxg6 22. a3 Bg7 23. Rxd8+ Rxd8 24. Qh4 g5 25. Qh7+ Kf8 26. Qf5 Qf6 27. Qxf6 Bxf6 28. g4 Nd4 29. Nxd4 Rxd4 30. Rc1 Rxg4 31. Bc6 Rf4 32. f3 Bd4 33. b4 f5 34. Kc2 Be3 35. Re1 Rc4+ 36. Kd3 Rxc6 37. Rxe3 Kf7 38. f4 g4 39. Re5 Kf6 40. a4 Re6 41. Rd5 g3 42. Rd8 Kg7 43. Rd7+ Kf6 44. Rd8 Re4 45. Rd6+ Ke7 46. Rg6 Rxb4 47. a5 bxa5 48. Ke3 a4 49. Ra6 Rb3+ 50. Ke2 a3 51. Rxa7+ Kf6 52. Ra6+ Kg7 53. Kf1 Kf7 54. Kg2 Ke7 55. Ra5 Ke6 56. Kh3 Re3 57. Kg2 Kf6 58. Ra6+ Ke7 59. Ra5 Ke6 60. Kh3 1/2-1/2

[Event "CRO Cup"]
[Site "Rabac"]
[Date "2004.06.25"]
[Round "7"]
[White "Gracin, Damir"]
[Black "Horvat, Sasa"]
[Result "0-1"]
[WhiteElo "2213"]
[BlackElo "2107"]
[PlyCount "66"]
[EventDate "2004.05.20"]
[EventType "swiss"]
[EventRounds "9"]
[EventCountry "CRO"]
[SourceTitle "CBM 100 Extra"]
[Source "ChessBase"]
[SourceDate "2004.07.06"]
[SourceVersion "2"]
[SourceVersionDate "2004.07.06"]
[SourceQuality "1"]

1. d4 Nf6 2. c4 g6 3. Nc3 Bg7 4. e4 d6 5. Nge2 0-0 6. f3 Nc6 7. Be3 a6 8. Qd2 Rb8 9. Nc1 e5 10. Nb3 exd4 11. Nxd4 Nxd4 12. Bxd4 c6 13. g4 c5 14. Be3 Be6 15. 0-0-0 Qa5 16. Bh6 b5 17. Bxg7 Kxg7 18. Qxd6 b4 19. Nd5 Bxd5 20. e5 Ne4 21. fxe4 Bxe4 22. Qf6+ Kg8 23. e6 Qa4 24. Bd3 Bxh1 25. e7 Rfc8 26. Rf1 Qe8 27. Rxh1 Rb7 28. Be4 Rxe7 29. Bd5 Re2 30. Rf1 Rc7 31. Rf3 Re1+ 32. Kc2 Qe2+ 33. Kb3 Qd1# 0-1

[Event "CRO Cup"]
[Site "Rabac"]
[Date "2004.05.21"]
[Round "1.4"]
[White "Zufic, Miroslav"]
[Black "Horvat, Sasa"]
[Result "1-0"]
[WhiteElo "2388"]
[BlackElo "2107"]
[PlyCount "63"]
[EventDate "2004.05.20"]
[EventType "swiss"]
[EventRounds "9"]
[EventCountry "CRO"]
[SourceTitle "CBM 100 Extra"]
[Source "ChessBase"]
[SourceDate "2004.07.06"]
[SourceVersion "2"]
[SourceVersionDate "2004.07.06"]
[SourceQuality "1"]

1. e4 e6 2. d4 d5 3. Nc3 Nf6 4. Bg5 Bb4 5. e5 h6 6. Bd2 Bxc3 7. bxc3 Ne4 8. Qg4 g5 9. Bd3 Nxd2 10. Kxd2 h5 11. Qg3 b6 12. h4 g4 13. f3 Rg8 14. Nh3 Ba6 15. Nf4 Bxd3 16. cxd3 Qe7 17. Nxh5 Nd7 18. fxg4 c5 19. g5 cxd4 20. cxd4 Qa3 21. Rhc1 Ke7 22. Ke3 Rac8 23. Rxc8 Rxc8 24. g6 Nc5 25. dxc5 d4+ 26. Ke4 Qxc5 27. Qg5+ Kd7 28. Nf6+ Ke7 29. g7 Qc2 30. Nd5+ Kd7 31. Qe7+ Kc6 32. Nb4+ 1-0

[Event "Rabac op"]
[Site "Rabac"]
[Date "2003.??.??"]
[Round "9"]
[White "Zelic, Mladen"]
[Black "Horvat, Sasa"]
[Result "1-0"]
[WhiteElo "2283"]
[BlackElo "2131"]
[PlyCount "37"]
[EventDate "2003.11.15"]
[EventType "swiss"]
[EventRounds "9"]
[EventCountry "CRO"]
[SourceTitle "CBM 097 Extra"]
[Source "ChessBase"]
[SourceDate "2004.01.13"]
[SourceVersion "1"]
[SourceVersionDate "2004.01.13"]
[SourceQuality "1"]

1. e4 e6 2. d4 d5 3. Nc3 Nf6 4. e5 Nfd7 5. f4 c5 6. Nf3 Nc6 7. Bd3 cxd4 8. Ne2 Qb6 9. 0-0 g6 10. b3 Bg7 11. Bb2 f6 12. Kh1 fxe5 13. fxe5 Ndxe5 14. Nxe5 Bxe5 15. Qd2 Bd7 16. Qg5 Qd8 17. Bxg6+ hxg6 18. Qxg6+ Ke7 19. Ba3+ 1-0

[Event "CRO-chTA U18"]
[Site "Pula"]
[Date "2002.09.22"]
[Round "?"]
[White "Sertic, Rudolf"]
[Black "Horvat, Sasa"]
[Result "1-0"]
[WhiteElo "2175"]
[BlackElo "2140"]
[PlyCount "79"]
[EventDate "2002.09.16"]
[EventType "team"]
[EventRounds "8"]
[EventCountry "CRO"]
[SourceTitle "CBM 090 Extra"]
[Source "ChessBase"]
[SourceDate "2002.11.07"]
[SourceVersion "1"]
[SourceVersionDate "2002.11.07"]
[SourceQuality "1"]

1. d4 Nf6 2. c4 g6 3. Nc3 Bg7 4. e4 d6 5. f3 0-0 6. Be3 Nc6 7. Qd2 a6 8. Bd3 e5 9. Nge2 exd4 10. Nxd4 Nh5 11. Nxc6 bxc6 12. g4 Nf6 13. Be2 d5 14. cxd5 cxd5 15. g5 Nxe4 16. fxe4 d4 17. 0-0-0 c5 18. Bf4 Qa5 19. Nd5 Qxa2 20. Qd3 Be6 21. Qc4 Qa1+ 22. Kc2 d3+ 23. Kxd3 Qxb2 24. Rb1 Bxd5 25. exd5 Qa3+ 26. Rb3 Qa2 27. Rb7 Qa3+ 28. Kc2 Rae8 29. Bd3 Bd4 30. Qb3 Qxb3+ 31. Kxb3 f6 32. Bd6 Rf7 33. Rxf7 Kxf7 34. gxf6 Re3 35. Kc4 a5 36. Bc7 a4 37. d6 Ke6 38. f7 Bg7 39. Ra1 Kxf7 40. d7 1-0

[Event "CRO-chTA U18"]
[Site "Pula"]
[Date "2002.09.18"]
[Round "?"]
[White "Tisma, Nebojsa"]
[Black "Horvat, Sasa"]
[Result "1-0"]
[WhiteElo "2130"]
[BlackElo "2140"]
[PlyCount "83"]
[EventDate "2002.09.16"]
[EventType "team"]
[EventRounds "8"]
[EventCountry "CRO"]
[SourceTitle "CBM 090 Extra"]
[Source "ChessBase"]
[SourceDate "2002.11.07"]
[SourceVersion "1"]
[SourceVersionDate "2002.11.07"]
[SourceQuality "1"]

1. d4 Nf6 2. c4 g6 3. Nc3 Bg7 4. e4 d6 5. Be2 0-0 6. Bg5 a5 7. f4 Na6 8. Nf3 Qe8 9. 0-0 c5 10. d5 Bg4 11. Qd2 h6 12. Bh4 Nc7 13. Rae1 Nh7 14. e5 f6 15. exd6 exd6 16. Bd3 Qf7 17. Qc2 Bh5 18. g4 Bxg4 19. Bxg6 Qd7 20. Bxh7+ Kh8 21. Be4 f5 22. Bd3 Qf7 23. Bg3 Qh5 24. Nh4 Bd4+ 25. Kh1 Rae8 26. Be2 Rg8 27. Bxg4 Rxg4 28. Rxe8+ Nxe8 29. Qxf5 Ng7 30. Qxh5 Nxh5 31. Kg2 Nf6 32. Re1 h5 33. Nb5 Bxb2 34. Nxd6 Rg7 35. Ndf5 Rg8 36. Re7 b5 37. Ne3 bxc4 38. Nxc4 Nxd5 39. Rd7 Nf6 40. Rf7 Bc3 41. f5 Rd8 42. Be5 1-0

[Event "Zadar op"]
[Site "Zadar"]
[Date "2001.12.21"]
[Round "7"]
[White "Horvat, Sasa"]
[Black "Vukovic, Ivo"]
[Result "0-1"]
[WhiteElo "2111"]
[BlackElo "2260"]
[PlyCount "104"]
[EventDate "2001.12.15"]
[EventType "swiss"]
[EventRounds "9"]
[EventCountry "CRO"]
[SourceTitle "CBM 085 Extra"]
[Source "ChessBase"]
[SourceDate "2002.01.21"]
[SourceVersion "1"]
[SourceVersionDate "2002.01.21"]
[SourceQuality "1"]

1. e4 e5 2. Nf3 Nc6 3. Bb5 d6 4. d4 Bd7 5. Nc3 Nf6 6. 0-0 Be7 7. h3 0-0 8. Be3 a6 9. Be2 Re8 10. d5 Nb8 11. a4 Bc8 12. a5 Nbd7 13. Nd2 Nf8 14. Nc4 Ng6 15. Qd2 h6 16. b4 Bd7 17. Rfb1 Rf8 18. Rb3 Qc8 19. Kh2 Nh7 20. b5 axb5 21. Nxb5 Bg5 22. Rab1 f5 23. Nbxd6 cxd6 24. Nb6 Qd8 25. Bxg5 Nxg5 26. Nxa8 Nxe4 27. Qb4 Nc5 28. Nb6 Nf4 29. Nxd7 Qxd7 30. Bc4 Qe7 31. Rg3 Qf6 32. Qe1 Kh7 33. Rgb3 Rf7 34. Rb6 Rc7 35. Ba2 e4 36. Qe3 Ng6 37. f4 exf3 38. Qxf3 Ne4 39. c4 Qe5+ 40. g3 f4 41. gxf4 Nxf4 42. Kh1 Nd2 43. Qg3 Qe4+ 44. Kh2 Nf3+ 45. Kh1 Ng5+ 46. Kh2 Qe2+ 47. Kh1 Ne4 48. Qxf4 Nf2+ 49. Qxf2 Qxf2 50. R6b2 Qf3+ 51. Kh2 Re7 52. Rg1 Re3 0-1

[Event "Zadar op"]
[Site "Zadar"]
[Date "2001.12.17"]
[Round "3"]
[White "Horvat, Sasa"]
[Black "Mandekic, Ivan"]
[Result "0-1"]
[WhiteElo "2111"]
[BlackElo "2293"]
[PlyCount "72"]
[EventDate "2001.12.15"]
[EventType "swiss"]
[EventRounds "9"]
[EventCountry "CRO"]
[SourceTitle "CBM 085 Extra"]
[Source "ChessBase"]
[SourceDate "2002.01.21"]
[SourceVersion "1"]
[SourceVersionDate "2002.01.21"]
[SourceQuality "1"]

1. e4 c6 2. d4 d5 3. Nd2 dxe4 4. Nxe4 Bf5 5. Ng3 Bg6 6. h4 h6 7. Nf3 Nd7 8. h5 Bh7 9. Bd3 Bxd3 10. Qxd3 Ngf6 11. Bf4 e6 12. Ne4 Nxe4 13. Qxe4 Nf6 14. Qe2 Be7 15. 0-0-0 Qd5 16. c4 Qe4 17. Be3 0-0 18. Nd2 Qh7 19. f3 b5 20. g4 bxc4 21. Nxc4 Nd5 22. a3 Rab8 23. Qd3 Nxe3 24. Qxe3 Rfd8 25. Rhe1 Rd5 26. f4 c5 27. Qe4 Qxe4 28. Rxe4 Rbd8 29. Ne5 cxd4 30. Rd3 Bf6 31. Kd2 Bxe5 32. fxe5 a5 33. Rb3 Rc8 34. Rb7 d3 35. Rf4 Rc2+ 36. Kd1 d2 0-1

[Event "Zadar op"]
[Site "Zadar"]
[Date "2001.12.16"]
[Round "2"]
[White "Fucak, Emilijo"]
[Black "Horvat, Sasa"]
[Result "0-1"]
[WhiteElo "2332"]
[BlackElo "2111"]
[PlyCount "96"]
[EventDate "2001.12.15"]
[EventType "swiss"]
[EventRounds "9"]
[EventCountry "CRO"]
[SourceTitle "CBM 085 Extra"]
[Source "ChessBase"]
[SourceDate "2002.01.21"]
[SourceVersion "1"]
[SourceVersionDate "2002.01.21"]
[SourceQuality "1"]

1. Nf3 Nf6 2. b3 g6 3. Bb2 Bg7 4. c4 0-0 5. g3 d6 6. d4 e5 7. dxe5 Nfd7 8. Nc3 dxe5 9. Qd2 c6 10. Rd1 Qe7 11. e4 f5 12. Qd6 Qxd6 13. Rxd6 Nc5 14. Ba3 Nxe4 15. Nxe4 fxe4 16. Ng5 Re8 17. Rd1 Bf5 18. Bg2 Bg4 19. Rb1 e3 20. fxe3 e4 21. h3 Bf5 22. g4 Bh6 23. Nxh7 Kxh7 24. gxf5 gxf5 25. Rf1 Kg6 26. Ke2 Nd7 27. Rbd1 Rad8 28. Rd6+ Nf6 29. Rfd1 Rxd6 30. Bxd6 Rd8 31. b4 Kf7 32. Bc5 Rg8 33. Kf2 b6 34. Bd4 Rd8 35. Rf1 f4 36. Bxf6 Kxf6 37. Bxe4 fxe3+ 38. Ke1+ Ke5 39. Bxc6 Rd2 40. h4 Bf4 41. Rf3 Rxa2 42. h5 Ra1+ 43. Ke2 Ra2+ 44. Ke1 Bg5 45. Rh3 Kd4 46. h6 Kd3 47. Bf3 Ra1+ 48. Bd1 Bf6 0-1